Petit atlas des plantes cultivées (notice nᵒ 22184)
[ vue normale ]
| 000 -LEADER | |
|---|---|
| fixed length control field | 00507nam a2200181Ia 4500 |
| 005 - DATE AND TIME OF LATEST TRANSACTION | |
| control field | 20180625051535.0 |
| 020 ## - ISBN | |
| ISBN | 2-03-575131-4 |
| 037 ## - SOURCE D'ACQUISITION | |
| Cote | BC_679 18 |
| 040 ## - SOURCE DU CATALOGAGE | |
| Origine cataloguage | BC-ENSA |
| Langue du catalogage | fre |
| 041 ## - CODE DE LANGUE | |
| Langue | Français |
| 100 ## - VEDETTE PRINCIPALE - AUTEUR PRINCIPAL | |
| Auteur | GARNIER, Lisa |
| 245 ## - MENTION DU TITRE | |
| Titre | Petit atlas des plantes cultivées |
| 260 ## - PUBLICATION, DIFFUSION, ETC. (ADRESSE BIBLIOGRAPHIQUE) | |
| Nom de l'éditeur | Larousse |
| Lieu d'édition | Montréal |
| Année d'édition | 2004 |
| 300 ## - DESCRIPTION MATÉRIELLE | |
| Illustration | ill. en coul. |
| Nombre de pages | 128 p. |
| Format | 19 cm |
| 562 ## - NOTE D'IDENTIFICATION DES EXEMPLAIRES ET VERSIONS | |
| Numbre d' exemplaire | 01 exemplaire(s) |
| 942 ## - ADDED ENTRY ELEMENTS (KOHA) | |
| Type document | Ouvrage |
| 653 ## - DESCRIPTEUR LIBRE | |
| Mots clés libres | PLANTE DE CULTURE/DOMESTICATION/ALIMENTATION/LÉGUME/FRUIT |
| statut de retrait | Statut | emplacement permanent | Localisation actuelle | Cote | code à barre | Koha type d'élément |
|---|---|---|---|---|---|---|
| Bibliothèque Centrale | Bibliothèque Centrale | BC_679 18 | BC_679 18 | Ouvrage |